AH International Schools' Libraries

(KHMER) What time is it now / (Record no. 50098)

MARC details
000 -LEADER
fixed length control field 00305nam a2200109 4500
020 ## - INTERNATIONAL STANDARD BOOK NUMBER
International Standard Book Number 9789996345289
100 ## - MAIN ENTRY--PERSONAL NAME
Personal name Alawi, Maria Lamrani
9 (RLIN) 86333
245 ## - TITLE STATEMENT
Title (KHMER) What time is it now /
Statement of responsibility, etc Maria Lamrani Alawi
260 ## - PUBLICATION, DISTRIBUTION, ETC. (IMPRINT)
Place of publication, distribution, etc Cambodia
Name of publisher, distributor, etc Open Book
Date of publication, distribution, etc 2023
300 ## - PHYSICAL DESCRIPTION
Extent 15 p.
Other physical details col. ill.
Dimensions 21 cm.
942 ## - ADDED ENTRY ELEMENTS (KOHA)
Source of classification or shelving scheme
Koha item type Book
Holdings
Withdrawn status Lost status Source of classification or shelving scheme Damaged status Not for loan Collection code Home library Current library Shelving location Date acquired Total Checkouts Full call number Barcode Date last seen Price effective from Koha item type
          Siem Riep Asian Hope Siem Reap Asian Hope Siem Reap SECONDARY 01/16/2026   KHMER E ALA 209863 01/16/2026 01/16/2026 Book

For any Logos Library related questions please contact Miss Art at swongnarasuk@asianhope.org.

For any Asian Hope Library related questions please contact Miss Raza at graza@asianhope.org.

Powered by Koha